[Event "5. Kings Tournament"]
[Site "Medias ROU"]
[Date "2011.06.11"]
[Round "1"]
[White "Carlsen, Magnus"]
[Black "Nakamura, Hikaru"]
[Result "1-0"]
[WhiteElo "2815"]
[BlackElo "2774"]
[PlyCount "76"]
[EventDate "2011.06.11"]
[EventType "tourn"]
[EventRounds "10"]
[EventCountry "ROM"]
[EventCategory "21"]
[Source "Mark Crowther"]
[SourceDate "2011.01.03"]

{D31: Damengambit (Halbslawisch)} 1. d4 d5 2. c4 e6 3. Nc3 Be7 4. cxd5 exd5 5.
Bf4 c6 6. Qc2 Bg4 7. e3 Bh5 8. Bd3 Bg6 9. Bxg6 hxg6 10. O-O-O $146 (10. f3 Nd7
11. Nge2 Nb6 12. b3 Bd6 13. O-O-O Ne7 14. g4 Qc7 15. Kb1 O-O-O 16. Rc1 Bxf4 17.
Nxf4 Kb8 18. h4 Nec8 19. h5 gxh5 20. gxh5 Qe7 21. Rce1 Qf6 22. Rhg1 Nd6 23. Qg2
Rh7 24. Qg5 Ne8 {Gurevich,M (2645)-Portisch,L (2605)/Wijk aan Zee 1990/1/2-1/2}
) 10... Nf6 11. f3 Nbd7 12. Nge2 b5 13. e4 b4 14. Na4 dxe4 15. fxe4 Qa5 16. Kb1
(16. Qxc6 $2 O-O 17. Kb1 Rac8 $19) 16... O-O 17. h4 (17. Qxc6 $2 Rac8 18. Qb7
Qxa4 $19) 17... Rfe8 18. e5 (18. Qxc6 $2 Rac8 19. Qb7 Qxa4 $19) 18... Nd5 $2 (
18... Ng4 $142 $5 19. Rc1 Qa6 $14) 19. h5 $18 (19. Qxc6 $6 Red8 20. Qc4 Nf8 $14
) 19... g5 20. h6 (20. Qxc6 $4 N7b6 21. e6 f5 $19 (21... Nxf4 22. Nxf4 gxf4 23.
exf7+ Kxf7 24. Qg6+ Kg8 25. h6 $16) (21... gxf4 22. exf7+ Kxf7 23. Qg6+ Kf8 24.
h6 $18) (21... Nxa4 $4 22. exf7+ Kf8 23. Be5 $18) (21... Qxa4 $2 22. exf7+ Kxf7
23. Qg6+ Kg8 24. h6 $18)) 20... g6 (20... Nxf4 21. Nxf4 b3 22. axb3 $18) (20...
gxf4 21. hxg7 N5f6 22. Nc5 Qxc5 23. dxc5 Nxe5 24. Nxf4 Kxg7 25. Qf5 $18) 21.
Bc1 (21. Qxc6 $2 N7b6 22. e6 gxf4 (22... Nxf4 $6 23. Nxf4 gxf4 24. exf7+ Kxf7
25. Nc5 Bxc5 26. dxc5 $11) (22... Nxa4 23. h7+ Kg7 24. exf7 Kxf7 25. Be5 $18) (
22... Qxa4 $6 23. Qxa4 Nxa4 24. exf7+ Kxf7 25. Be5 $19) 23. h7+ Kg7 24. exf7
Rec8 $19 (24... Qxa4 $6 25. fxe8=R Rxe8 26. Qe6 $15)) 21... N7b6 (21... N5b6
22. Nxb6 axb6 23. b3 $16 (23. Qxc6 $4 Qxa2+ 24. Kc2 Rec8 25. h7+ Kh8 26. Qxc8+
Rxc8+ 27. Kd2 Qd5 $19)) 22. Nc5 $18 Bxc5 23. dxc5 b3 24. Qxb3 (24. axb3 $143
Nb4 25. Bxg5 N6d5 (25... Nxc2 $4 26. h7+ Kg7 27. Bf6+ Kf8 28. h8=Q#) 26. Rxd5
Qa2+ (26... Nxc2 27. h7+ Kg7 28. Bf6+ Kf8 29. h8=Q#) 27. Kc1 Nxd5 (27... Nxc2
28. h7+ Kg7 29. Bf6+ Kf8 30. h8=Q#) 28. h7+ Kh8 $17) 24... Qxc5 25. Nd4 (25.
Qg3 $5 Qe7 26. h7+ Kh8 27. b3 $18) 25... Rxe5 $16 26. Nf3 Re2 (26... Rf5 $5 $16
) 27. Nxg5 $18 Qe7 28. Qd3 Rf8 $2 (28... Re5 29. Nf3 Re2 $18) 29. Rdf1 f5 30.
g4 $1 Na4 (30... fxg4 31. Qxg6+) (30... -- $140 31. gxf5) 31. Qd4 (31. Ka1 $142
f4 32. Qxg6+ Kh8 33. Re1 Rxe1 34. Rxe1 $18) 31... Qe5 32. Qxe5 (32. Qxa4 $6
Nc3+ 33. bxc3 Rb8+ 34. Qb4 Rxb4+ 35. cxb4 Qd5 36. h7+ Kh8 37. Bb2+ Rxb2+ 38.
Kxb2 Qd2+ 39. Kb3 Qd3+ 40. Ka4 Qa6+ 41. Kb3 Qd3+ 42. Kb2 Qd2+ 43. Kb1 Qd3+ 44.
Ka1 Qd4+ 45. Kb1 Qd3+ 46. Kc1 Qc4+ 47. Kb2 Qd4+ 48. Kc2 Qc4+ 49. Kd2 Qxb4+ 50.
Kc2 Qc4+ 51. Kb2 Qd4+ 52. Kb1 Qb4+ 53. Kc1 Qc4+ 54. Kd1 Qa4+ 55. Ke2 Qc2+ 56.
Ke3 Qc3+ 57. Ke2 Qc2+ 58. Ke3 Qc3+ 59. Ke2 Qc2+ $11) 32... Rxe5 33. gxf5 gxf5 (
33... Rexf5 $4 34. Rxf5 gxf5 35. h7+ Kh8 36. b3 Nac3+ 37. Kc2 Nxa2 38. Bb2+ Nf6
39. Ba3 $18) 34. Nf3 Re7 (34... Re4 35. Rfg1+ Kh8 36. Rg7 $18) 35. Rfg1+ Kh7
36. Rg7+ $1 Kh8 (36... Rxg7 37. hxg7+) 37. Rhg1 Rfe8 38. Nh4 Rxg7 1-0

[Event "Fynsmesterskabet 2011"]
[Site "Odense DEN"]
[Date "2011.06.04"]
[Round "7"]
[White "Tikkanen, Hans"]
[Black "Milov, Vadim"]
[Result "1-0"]
[WhiteElo "2560"]
[BlackElo "2648"]
[PlyCount "75"]
[EventDate "2011.06.01"]
[EventType "swiss"]
[EventRounds "9"]
[EventCountry "DEN"]
[Source "Mark Crowther"]
[SourceDate "2011.01.03"]

{A41: Moderne Verteidigung gegen 1.d4 (mit oder ohne späterem e2-e4 und Sf6)} 
1. d4 d6 2. c4 e5 3. d5 a5 (3... Be7 4. Nc3 a5 5. e4 Bg5 6. Bxg5 Qxg5 7. Nf3
Qe7 8. c5 dxc5 9. Nb5 Kf8 10. Bc4 Nh6 11. h3 g6 12. d6 cxd6 13. Qxd6 Qxd6 14.
Nxd6 Nc6 15. Bd5 Ke7 16. Bxc6 Kxd6 17. Bd5 f6 18. g4 {Postny,E (2652)-Nijboer,
F (2560)/Budva 2009/0-1}) 4. e4 Na6 5. Bd3 $146 (5. Nc3 Nc5 6. Be3 Nf6 7. Bxc5
dxc5 8. Nf3 Bd6 9. Bd3 O-O 10. Nb5 Nh5 11. g3 g6 12. Nxd6 cxd6 13. O-O a4 14.
Nd2 Bd7 15. Qe2 Ng7 16. f4 exf4 17. gxf4 Re8 18. Rae1 Bh3 19. Rf2 Qh4 {Milov,V
(2653)-Smirin,I (2666)/Pula 2000/0-1}) 5... Nf6 6. Nc3 g6 7. Nge2 Bg7 8. f3 Nh5
9. Be3 O-O 10. Qd2 Nc5 11. Bc2 f5 (11... b6 12. g4 Nf4 13. Nxf4 exf4 14. Bxf4
$14) 12. O-O-O (12. exf5 gxf5 13. O-O Bd7 $16) 12... f4 (12... fxe4 $5 13. Nxe4
Nxe4 14. Bxe4 a4 $11) 13. Bxc5 $16 dxc5 14. d6 Be6 15. dxc7 Qxc7 16. Nd5 Qd8
17. Nec3 Rf7 18. Ba4 Bf8 19. Bb5 Ng7 20. Na4 Bxd5 21. Qxd5 Qf6 22. Qd2 Ne6 23.
Nb6 Rd8 24. Nd5 Qh4 25. Qxa5 Nd4 26. Kb1 Rb8 27. Qa7 Rc8 28. Rd2 g5 $4 (28...
Kg7 $142 $16) 29. Bd7 $3 $18 Rd8 (29... Rxd7 30. Nf6+) 30. Rxd4 $1 exd4 (30...
cxd4 31. Be6) (30... exd4 31. Be6) 31. Be6 Qh6 32. Bxf7+ Kxf7 33. Qxb7+ Kg8 34.
Qc7 (34. a4 Qg7 35. Qb6 Ra8 $18) 34... Ra8 (34... Qd6 35. h4 g4 36. fxg4 Qxc7
37. Nxc7 $18) 35. Nb6 (35. Ne7+ Bxe7 36. Qxe7 Rc8 $18) 35... Re8 (35... Ra6 36.
Nd7 Qd6 37. Qd8 $18) 36. Qd7 (36. Nd7 Re6 $18) 36... Qg6 (36... Qe6 37. Qd5 $18
) 37. Nd5 Kh8 (37... Re5 $18) 38. h4 (38. h4 Qe6 39. Qb5 $18) 1-0

[Event "TCh-FRA Top 12 2011"]
[Site "Mulhouse FRA"]
[Date "2011.05.28"]
[Round "3.1"]
[White "Williams, Simon K"]
[Black "Eljanov, Pavel"]
[Result "1-0"]
[WhiteElo "2520"]
[BlackElo "2712"]
[PlyCount "69"]
[EventDate "2011.05.26"]
[EventType "team"]
[EventRounds "9"]
[EventCountry "FRA"]
[Source "Mark Crowther"]
[SourceDate "2011.01.03"]
[WhiteTeam "C.E. de Rueil Malmaison"]
[BlackTeam "Evry Grand Roque"]

{D38: Damengambit (Ragosin-Verteidigung)} 1. d4 Nf6 2. c4 e6 3. Nf3 d5 4. Nc3
Bb4 5. cxd5 exd5 6. Bg5 O-O 7. e3 Be6 (7... c5 8. dxc5 Nbd7 9. Rc1 Qa5 10. Nd2
Qxc5 11. a3 Bxc3 12. Rxc3 Qb6 13. Rb3 Qe6 14. Be2 Nc5 15. Rb4 Nfe4 16. Nxe4
dxe4 17. O-O Qg6 18. Qd5 Nd3 19. Rd4 Nxb2 20. Rb1 Nd3 21. h4 h6 22. Be7 {
Stocek,J (2572)-Carlsen,M (2698)/Germany 2006/1/2-1/2}) 8. Ne5 $146 (8. Be2
Nbd7 9. O-O c5 10. dxc5 Bxc3 11. bxc3 Nxc5 12. Qd4 Nce4 13. Rfc1 Qa5 14. Qb4
Qxb4 15. cxb4 Nxg5 16. Nxg5 Rfc8 17. Nxe6 fxe6 18. f3 Kf7 19. Kf2 Ke7 20. Ke1
Kd6 21. Kd2 Rxc1 22. Rxc1 a5 {Ftacnik,L (2559)-Bartel,M (2601)/Prievidza 2009/
0-1}) (8. Bd3 Nbd7 9. O-O c5 10. dxc5 Bxc3 11. bxc3 Nxc5 12. Bc2 Nce4 13. Qd4
Qc7 14. Rfc1 Nxg5 15. Nxg5 h6 16. Nxe6 fxe6 17. Bb3 Rac8 18. Qxa7 Ne4 19. Rc2
Nxc3 20. Qd4 Qf7 21. f3 Qf6 22. Qxf6 gxf6 {Landa,K (2641)-Bartel,M (2613)/
France 2008/1-0}) 8... c5 9. Bd3 h6 10. Bh4 Nc6 11. O-O cxd4 12. Nxc6 bxc6 13.
exd4 c5 14. a3 Bxc3 15. bxc3 c4 16. Bc2 Rb8 17. Re1 Rb6 18. Re5 Re8 19. Ba4 Rf8
20. Qc1 Bc8 21. f3 (21. Bc2 Re8 $16) 21... Qd6 (21... g5 $5 22. Be1 Nh5 $14)
22. Bc2 Bb7 23. g4 Ra8 24. Qe3 Bc6 25. Re1 Rb2 26. Re2 Rbb8 $2 (26... Nd7 27.
Re7 Nf8 28. Bg3 Qxa3 29. Qf4 $18) 27. Qf4 (27. g5 hxg5 28. Qxg5 Nh7 $18 (28...
Qxa3 29. Rg2 Ng4 30. Rxg4 Qa1+ 31. Be1 g6 32. Bxg6 Qxe1+ 33. Rxe1 Re8 34. Bd3+
Kh8 35. Qf6#)) 27... Rf8 $4 (27... Rd8 28. g5 Nh7 29. gxh6 Qxh6 30. Qxh6 gxh6
31. Rg2+ Ng5 32. f4 $18) 28. Qe3 Nd7 $4 (28... Rfb8 $142 $18) 29. Be7 Qc7 30.
Rh5 Rfe8 (30... Rae8 31. g5 Kh8 32. Bf5 $18) 31. Rxh6 $1 Nf8 (31... gxh6 32.
Qxh6) (31... -- $140 32. Bh7+) 32. Qg5 f6 (32... Rxe7 33. Rxe7 Qxe7 34. Qxe7
gxh6 $18) 33. Rxf6 Rxe7 34. Rxc6 $1 Qxc6 35. Rxe7 (35. Rxe7 Qf6 36. Qxd5+ Kh8
37. Rf7 Re8 38. Rxf6 Re1+ 39. Kf2 gxf6 40. Qf7 Re8 41. Qxe8 Kg7 42. Qe7+ Kg8
43. Be4 Ng6 44. Bxg6 a5 45. Qf7+ Kh8 46. Qh7#) 1-0

[Event "46. Capablanca Memorial Elite"]
[Site "Havana CUB"]
[Date "2011.05.20"]
[Round "9"]
[White "Bruzon Bautista, Lazaro"]
[Black "Ivanchuk, Vassily"]
[Result "0-1"]
[WhiteElo "2693"]
[BlackElo "2776"]
[PlyCount "49"]
[EventDate "2011.05.11"]
[Source "Mark Crowther"]
[SourceDate "2011.01.03"]

{B19: Caro-Kann (Hauptvariante)} 1. e4 c6 2. d4 d5 3. Nc3 dxe4 4. Nxe4 Bf5 5.
Ng3 Bg6 6. h4 h6 7. Nf3 e6 8. h5 Bh7 9. Bd3 Bxd3 10. Qxd3 Nf6 11. Ne4 (11. Ne5
Nbd7 12. Nxd7 Qxd7 13. Ne4 O-O-O 14. Be3 Qd5 15. f3 Nxh5 16. O-O-O Nf6 17. Nxf6
gxf6 18. c4 Qa5 19. Kb1 h5 20. g4 h4 21. d5 Bc5 22. Bd2 Bb4 23. Bxb4 Qxb4 24.
Qe3 exd5 25. cxd5 Rxd5 {Komliakov,V (2510)-Adianto,U (2615)/Kolkata 1998/0-1})
11... Nbd7 12. Bd2 $146 (12. Bf4 Qa5+ 13. Bd2 Bb4 14. Nd6+ Ke7 15. Nc4 Bxd2+
16. Nfxd2 Qc7 17. Qa3+ c5 18. O-O-O Rhc8 19. Kb1 Kf8 20. dxc5 Qxc5 21. f3 Qxa3
22. Nxa3 Rab8 23. Nac4 b5 24. Nd6 Rc6 25. N2e4 Nd5 26. Nf5 b4 {Meurs,T (2087)
-Fridman,D (2627)/Hilversum 2008/0-1}) 12... a5 13. O-O-O Bb4 14. Bxb4 (14.
Nxf6+ $5 Nxf6 15. Kb1 $14) 14... axb4 $15 15. Nd6+ Ke7 16. Ne5 Rf8 17. Nec4 (
17. Qg3 $142 $5 Qb8 18. Ndc4 Rxa2 19. Qb3 (19. Qxg7 $4 Nxe5 20. dxe5 Ne4 $19)
19... Ra1+ 20. Kd2 Rxd1+ 21. Rxd1 $15) 17... Qc7 $17 18. Rhe1 $2 (18. Qb3 $142
$5 Nd5 19. Rhe1 $17) 18... b5 $19 19. Ne3 Rxa2 (19... Kxd6 $4 20. Nf5+ exf5 21.
Qg3+ Kd5 22. Qxc7 $18) (19... Qxd6 $4 20. Nf5+ Kd8 21. Nxd6 Rxa2 22. Qg3 $18)
20. Qb3 (20. Ndf5+ Kd8 21. Ng3 Kc8 $19) 20... Ra4 21. Re2 (21. Ndf5+ Kd8 22.
Ng3 Qf4 $19) 21... Qa7 (21... Kxd6 $4 22. Nf5+ exf5 23. Qg3+ Kd5 24. Qxc7 $18)
(21... Qxd6 $4 22. Nf5+ Kd8 23. Nxd6 $18) 22. Nef5+ Kd8 23. Nxf7+ (23. Nxg7 Kc7
24. d5 Ra1+ 25. Kd2 Qd4+ 26. Qd3 Qxd3+ 27. cxd3 Rxd1+ 28. Kxd1 Kxd6 29. dxe6
fxe6 30. Rxe6+ Kd5 31. Re7 $19) 23... Rxf7 24. Qxe6 Nb6 25. b3 (25. Qxc6 $4 Nc4
26. Qxc4 bxc4 $19) 0-1

[Event "I Bahia Feliz GM"]
[Site "Bahia Feliz ESP"]
[Date "2011.05.16"]
[Round "5"]
[White "Nyzhnyk, Illya"]
[Black "Granda Zuniga, Julio E."]
[Result "1-0"]
[WhiteElo "2583"]
[BlackElo "2614"]
[PlyCount "51"]
[EventDate "2011.05.12"]
[EventType "tourn"]
[EventRounds "9"]
[EventCountry "ESP"]
[EventCategory "12"]
[Source "Mark Crowther"]
[SourceDate "2011.01.03"]

{D20: Angenommenes Damengambit} 1. d4 d5 2. c4 dxc4 3. e4 e5 4. Nf3 Bb4+ 5.
Nbd2 c3 6. bxc3 Bxc3 7. Rb1 exd4 8. Bc4 Nd7 $146 (8... Nh6 9. O-O O-O 10. e5
Bf5 11. Rxb7 Nc6 12. Nb3 Re8 13. Rb5 Ng4 14. Ng5 Ngxe5 15. Bd5 Nb4 16. Bxa8
Qxa8 17. Nxd4 Bd3 18. Qh5 Bxd4 19. Rxb4 c5 20. Rb3 Bg6 21. Qh4 Qd5 22. Nh3 Bc2
23. Nf4 {Shabalov,A (2597)-Granda Zuniga,J (2623)/Willemstad 2003/1-0}) (8...
Nc6 9. Qb3 Qf6 10. O-O $19) 9. Ba3 (9. O-O Nb6 10. Bxf7+ Kxf7 11. Ne5+ Ke8 12.
Qh5+ g6 13. Nxg6 Nf6 14. Qe5+ Kf7 15. Nxh8+ Qxh8 $11) 9... Nh6 (9... Ne7 $5 $17
) 10. O-O $15 Nb6 (10... c5 $5 11. e5 O-O $15) 11. Rb5 $11 Be6 (11... f6 12.
Ne5 Nxc4 13. Ndxc4 $11) 12. Bxe6 $14 fxe6 13. Qb3 Qf6 14. Re5 Kd7 15. Nb1 Nf7
16. Rc5 Rad8 $2 (16... Ba1 $142 $5 $14) 17. Nxc3 $18 dxc3 18. Nd4 Kc8 $2 (18...
Qxd4 $142 19. Rd1 Qxd1+ 20. Qxd1+ Kc8 $18) 19. Nxe6 $18 Rd7 20. Rf5 Qh6 21. Nc5
Nd6 22. Nxd7 Nxf5 23. Nxb6+ (23. exf5 $6 Nxd7 24. Qxc3 Qf6 $14) 23... Qxb6 24.
Qxb6 (24. exf5 $143 Qxb3 25. axb3 a5 $18) 24... axb6 25. exf5 Rd8 26. Rc1 1-0

[Event "SMM Winterthur - Reti"]
[Site "?"]
[Date "2011.05.08"]
[Round "4.1"]
[White "Caruana, Fabiano"]
[Black "Milov, Vadim"]
[Result "1-0"]
[WhiteElo "2686"]
[BlackElo "2692"]
[PlyCount "65"]
[EventDate "2011.05.08"]
[Source "Mark Crowther"]
[SourceDate "2011.01.03"]

{C67: Spanische Partie (Berliner Verteidigung)} 1. e4 e5 2. Nf3 Nc6 3. Bb5 Nf6
4. O-O Nxe4 5. d4 Nd6 6. Bxc6 dxc6 7. dxe5 Nf5 8. Qxd8+ Kxd8 9. Nc3 h6 10. h3
Bd7 11. b3 Kc8 12. Bb2 a5 13. a4 Bb4 14. Ne4 Be6 15. g4 Bd5 16. Nfd2 Bxd2 17.
Nxd2 Nh4 18. Kh2 g5 $146 (18... Rd8 19. Kg3 g5 20. f4 c5 21. Rf2 Ra6 22. Nc4
Ng6 23. f5 Nf4 24. Bc3 Bxc4 25. bxc4 Rc6 26. h4 Rd4 27. Bxd4 cxd4 28. hxg5 hxg5
29. Rxf4 gxf4+ 30. Kxf4 Rxc4 31. Kg5 Rxc2 32. Kf6 Re2 33. g5 {Stellwagen,D 
(2612)-Khenkin,I (2644)/France 2009/1-0}) 19. e6 Re8 20. exf7 Bxf7 21. Kg3 Rd8
(21... Bg6 $142 $5 22. Rac1 Re2 $18) 22. Ne4 $18 c5 (22... Bg6 23. Rae1 b6 24.
f4 Bxe4 25. Rxe4 $18) 23. f4 Bd5 24. Rae1 Bxe4 25. Rxe4 Rd2 26. Rf2 Rxf2 27.
Kxf2 Kd7 28. f5 Ra6 29. Bc3 Rd6 30. Bxa5 Rd1 31. Be1 Rc1 32. Re2 Kd6 (32... c4
$18) 33. Ke3 (33. Ke3 c4 34. Kd2 $18) 1-0

[Event "WCh Candidates"]
[Site "Kazan RUS"]
[Date "2011.05.07"]
[Round "1.3"]
[White "Mamedyarov, Shakhriyar"]
[Black "Gelfand, Boris"]
[Result "0-1"]
[WhiteElo "2772"]
[BlackElo "2733"]
[PlyCount "78"]
[EventDate "2011.??.??"]
[Source "Mark Crowther"]
[SourceDate "2011.01.03"]

{B87: Sizilianisch (Sosin-Angriff)} 1. e4 c5 2. Nf3 d6 3. d4 cxd4 4. Nxd4 Nf6
5. Nc3 a6 6. Bc4 e6 7. Bb3 b5 8. O-O Be7 9. Qf3 Qc7 10. Qg3 O-O 11. Bh6 Ne8 12.
Rad1 Bd7 13. f4 Nc6 14. f5 (14. Nxc6 Bxc6 15. f5 Kh8 16. f6 gxh6 17. fxe7 Qxe7
18. Qf2 Ng7 19. Qb6 Rfc8 20. a3 a5 21. Kh1 h5 22. Rd3 Qa7 23. Qxa7 Rxa7 24.
Rxd6 b4 25. axb4 axb4 26. Ne2 Bxe4 27. Rd4 Ba8 28. Rxb4 Nf5 {Michiels,B (2442)
-Bu Xiangzhi (2710)/Antwerp 2008/0-1}) (14. Bg5 Bxg5 15. fxg5 Nxd4 16. Rxd4 Qc5
17. Qe3 b4 18. Nd1 Bb5 19. Re1 a5 20. c3 Nc7 21. h4 Rfb8 22. Qf2 Be8 23. Ne3
bxc3 24. Rc4 Qa7 25. bxc3 a4 26. Bc2 e5 27. Rb4 Ne6 28. Nd5 Qxf2+ {Morozevich,
A (2756)-Gelfand,B (2681)/Istanbul 2000/1/2-1/2}) 14... Nxd4 15. Rxd4 Kh8 $146
(15... Bf6 16. Rd3 Be5 17. Qg4 b4 18. f6 g6 19. Ne2 a5 20. Bxf8 Kxf8 21. Qh4 a4
22. Qxh7 Qa7+ 23. Kh1 Nxf6 24. Qh6+ Ke7 25. Bc4 Qc5 26. b3 axb3 27. Bxb3 Bb5
28. Nf4 Bxf4 29. Qxf4 Qe5 30. h3 {Morozevich,A (2749)-Kasparov,G (2827)/Astana
2001/0-1}) (15... Bf6 16. Rd3 Be5 17. Qg4 $11) 16. Be3 (16. f6 $5 Bxf6 17. Rxf6
$14) 16... Nf6 $14 17. Qh3 (17. a3 $5 $14) 17... d5 $11 18. e5 Qxe5 19. Rh4
Rfc8 (19... exf5 20. Nxd5 g5 21. Bd4 $18) 20. Kh1 Rxc3 (20... exf5 $4 21. Nxd5
Kg8 22. Nxf6+ Bxf6 23. Rxh7 $18) 21. bxc3 Qxc3 (21... exf5 $143 22. Bd4 Qe2 23.
Kg1 $14) 22. Rd4 $2 (22. Bd4 Qxh3 23. Rxh3 $15 (23. gxh3 $143 exf5 24. Rhf4 Kg8
$17)) 22... a5 $19 23. Rd3 Qc6 24. c3 a4 (24... exf5 $6 25. Qf3 Rc8 26. Bxd5
Nxd5 27. Qxd5 $15) 25. Bc2 e5 26. Bg5 b4 27. Qh4 bxc3 28. Rh3 Kg8 29. Re1 (29.
g4 Kf8 30. Bxf6 d4+ (30... Bxf6 $6 31. g5 Bd8 32. Rg3 $17) (30... gxf6 $6 31.
Re1 $17) (30... Qxf6 31. Qxh7 Ke8 32. g5 (32. Rxc3 $143 e4 33. Qh8+ Bf8 $17)
32... Qxg5 33. f6 Bxf6 34. Rg3 $16) 31. Kg1 gxf6 $19 (31... Qxf6 $6 32. Qxh7
Ke8 33. Rg3 $19) (31... Bxf6 $6 32. g5 Bxg5 33. Qxg5 $11)) 29... e4 30. g4 Kf8
31. Be3 (31. Qg3 h6 32. Bf4 Nh7 33. Qxc3 Qxc3 34. Rxc3 Bb4 $19) 31... Qc4 32.
g5 Bxf5 33. gxf6 Bxf6 34. Qh5 Bg6 (34... Bxh3 35. Qxh3 Kg8 36. a3 $19) 35. Qg4
(35. Qe2 Qxa2 36. Bc5+ Kg8 37. Bb4 $19) 35... Qxa2 36. Bb1 Qc4 37. Qg2 (37. Bg5
Bxg5 38. Qxg5 d4 $19) 37... a3 38. Ba2 Qc6 39. Rg3 (39. Bf4 d4 $19) 39... Rb8 (
39... Rb8 40. Qh3 Kg8 $19) 0-1

[Event "US Championship"]
[Site "Saint Louis"]
[Date "2011.04.26"]
[Round "2.1"]
[White "Kamsky, Gata"]
[Black "Shulman, Yuri"]
[Result "1-0"]
[WhiteElo "2733"]
[BlackElo "2622"]
[PlyCount "114"]
[EventDate "2011.??.??"]
[Source "Mark Crowther"]
[SourceDate "2011.01.03"]

{E04: Katalanisch} 1. d4 d5 2. c4 e6 3. Nf3 Nf6 4. g3 dxc4 5. Bg2 c5 6. O-O Nc6
7. dxc5 Qxd1 8. Rxd1 Bxc5 9. Nbd2 c3 10. bxc3 O-O 11. Nb3 Be7 12. Nfd4 Bd7 13.
Nxc6 Bxc6 14. Bxc6 bxc6 15. c4 $146 (15. Be3 Nd5 16. Bd4 c5 17. Be5 Bf6 18.
Bxf6 Nxf6 19. c4 Rfc8 20. f3 Kf8 21. Rd6 Ke7 22. Ra6 Rc7 23. Nc1 Rb8 24. Nd3
Nd7 25. Rc1 Rb6 26. Ra5 Kd6 27. f4 Nb8 28. Rd1 Ke7 29. Rxc5 Rxc5 {Mikhalevski,
V (2631)-Michalczak,T (2352)/Zuerich 2009/1-0}) 15... a5 16. Bd2 a4 17. Na5 Ra6
18. Rab1 Rfa8 19. Nb7 Kf8 20. Be3 Ne4 21. Rd3 Rb8 22. Bf4 Rba8 23. f3 Nc5 24.
Nxc5 Bxc5+ 25. Kf1 Ke8 26. Be5 g6 27. Bf6 Rb6 28. Rxb6 Bxb6 29. Ke1 Bc5 30. Kd2
Rb8 31. Kc2 Be7 32. Bc3 f5 33. Rd1 Bc5 34. h3 h5 35. g4 hxg4 36. hxg4 fxg4 37.
fxg4 Rd8 38. Rb1 Kd7 39. Rb7+ Kd6 40. Rg7 Rh8 41. Rxg6 Rh2 42. Kd2 Rh3 43. Rg8
Rg3 44. Kc2 Be3 $4 (44... e5 $142 $14) 45. Rd8+ $18 Ke7 (45... Kc5 46. Rd3 Bf4
47. Rxg3 Bxg3 48. g5 $18) 46. Rd3 Bf4 47. Bb4+ Kf6 48. Rxg3 Bxg3 49. Kb2 Kg5 (
49... Ke5 50. Be7 $18) 50. Ka3 Kxg4 51. Kxa4 Bf2 (51... Bc7 52. Be7 Bf4 $18)
52. c5 Kf4 53. Ka5 Ke3 54. Kb6 Kxe2 55. Kxc6 Kd3 56. Kb5 Kd4 57. a4 Kd5 (57...
Kd5 58. a5 Bg3 59. c6 Bh2 60. a6 Bb8 61. c7 Bxc7 62. a7 $18) 1-0

[Event "US Championship"]
[Site "Saint Louis"]
[Date "2011.04.18"]
[Round "4"]
[White "Shabalov, Alexander"]
[Black "Hess, Robert"]
[Result "0-1"]
[WhiteElo "2590"]
[BlackElo "2565"]
[PlyCount "52"]
[EventDate "2011.??.??"]
[Source "Mark Crowther"]
[SourceDate "2011.01.03"]

{C45: Schottische Partie} 1. e4 e5 2. Nf3 Nc6 3. d4 exd4 4. Nxd4 Nf6 5. Nxc6
bxc6 6. e5 Qe7 7. Qe2 Nd5 8. c4 Ba6 9. b3 g6 10. f4 Nb6 $146 (10... f6 11. Ba3
Qf7 12. Qd2 Nb6 13. c5 Bxf1 14. cxb6 axb6 15. e6 dxe6 16. Bxf8 Rd8 17. Qb2 Bxg2
18. Qxg2 Kxf8 19. Qxc6 Rd6 20. Qc3 Kg7 21. Nd2 Rhd8 22. O-O-O Qe8 23. Qxc7+
R8d7 24. Qc2 Qb8 25. Nc4 {Kasparov,G (2770)-Karpov,A (2730)/Tilburg 1991/1-0})
(10... Qb4+ 11. Bd2 Qb6 12. Qe4 (12. Nc3 Bb4 (12... Nxc3 13. Bxc3 Bb4 14. Qd2
c5 15. Bxb4 Qxb4 16. Qxb4 cxb4 17. Be2 Bb7 {Lau,R (2480)-Dautov,R (2610)/
Dortmund 1992/1/2-1/2}) 13. Qf3 Nxc3 14. Bxc3 Bb7 15. O-O-O c5 16. Qe3 Bxc3 17.
Qxc3 O-O-O 18. h4 Rhe8 19. Rh3 d6 20. Rhd3 dxe5 21. Qxe5 Qc6 22. Rxd8+ Rxd8 23.
Rxd8+ Kxd8 24. Kd2 {Gelfand,B (2665)-Karpov,A (2725)/Linares 1992/ 1/2-1/2})
12... f5 13. Qf3 Qd4 14. Nc3 Nxc3 15. Bxc3 Bb4 16. Rc1 Bxc3+ 17. Rxc3 Bb7 18.
c5 d5 19. cxd6 cxd6 20. Qe3 dxe5 21. Qxe5+ Qxe5+ 22. fxe5 O-O-O 23. Bc4 Rhe8
24. e6 c5 25. Rc2 {Macieja,B (2629)-Vescovi,G (2592)/Bermuda 2003/1/2-1/2}) (
10... g5 11. f5 O-O-O 12. Bb2 $11) 11. g3 O-O-O 12. Bb2 Bg7 13. Nc3 (13. Nd2 d6
14. O-O-O dxe5 $14) 13... d5 14. Bg2 Rhe8 15. O-O f6 16. a4 (16. exf6 $5 Qxf6
17. Qf2 dxc4 18. Na4 Qxb2 19. Nxb2 $11) 16... fxe5 $17 17. f5 (17. a5 Nd7 18.
Na4 exf4 19. Qxe7 Rxe7 20. Bxg7 Rxg7 $11) 17... gxf5 18. Rxf5 Kb8 19. Qf2 $2 (
19. a5 $142 $5 Nc8 20. Na4 $17) 19... e4 $19 20. a5 e3 (20... Nd7 21. Rf7 (21.
cxd5 e3 22. Qf3 e2 $19) 21... Bd4 22. Qxd4 Qxf7 23. Bc1 $19) 21. Qe1 (21. Qc2
$5 dxc4 22. axb6 cxb6 23. bxc4 Rd2 $19) 21... Nc8 (21... Nd7 22. Na4 (22. cxd5
$4 e2 $19) 22... e2 23. Bxg7 Qxg7 24. Qb4+ Ka8 25. Re1 Qd4+ 26. Rf2 $19) 22.
cxd5 $2 (22. Rb1 $142 $19) 22... e2 23. Kh1 (23. dxc6 $4 Qe3+ 24. Kh1 Bxc3 25.
Bxc3 Rd1 $19) 23... Rf8 24. g4 (24. Rf4 Rxf4 25. gxf4 cxd5 26. Nxd5 Rxd5 27.
Bxg7 $19) 24... Nd6 25. Qf2 (25. Rxf8 Rxf8 26. Nxe2 (26. dxc6 $4 Rf1+ 27. Bxf1
exf1=Q+ 28. Qxf1 Bxf1 29. Rxf1 Qe3 $19) 26... Bxb2 27. Ng3 $19) 25... Nxf5 26.
gxf5 Rxf5 $1 (26... Rxf5 27. Qg3 Rg5 28. Nxe2 Bxb2 $19) 0-1

[Event "Simultan"]
[Site "Toshkent"]
[Date "2011.04.08"]
[Round "?"]
[White "Anand, Viswanathan"]
[Black "Igonin, Temur"]
[Result "0-1"]
[WhiteElo "2817"]
[BlackElo "1869"]
[PlyCount "52"]
[EventCountry "UZB"]
[Source "Mark Crowther"]
[SourceDate "2011.01.03"]

{A26: Englische Eröffnung (Sizilianisch im Anzug)} 1. c4 e5 2. Nc3 Nc6 3. g3 g6
4. Bg2 Bg7 5. Nf3 Nge7 6. O-O O-O 7. d3 d6 8. Rb1 f5 9. Bd2 h6 10. b4 g5 (10...
a6 $5 $14) 11. b5 $16 Nd4 12. Nxd4 exd4 13. Nd5 Nxd5 14. Bxd5+ (14. cxd5 $6 Rf7
$14) 14... Kh8 15. a4 f4 16. a5 Rb8 17. Qc2 (17. gxf4 $5 gxf4 18. Kh1 $14)
17... Bh3 $11 18. Rfc1 fxg3 19. hxg3 Qf6 20. Be1 (20. f3 $5 $11) 20... h5 $15
21. c5 $2 (21. a6 $142 b6 22. f3 $17) 21... h4 $19 22. cxd6 $2 (22. f3 Qe5 23.
cxd6 hxg3 24. Be4 (24. dxc7 $4 Qe3+ 25. Kh1 g2+ 26. Kh2 g1=Q+ 27. Kxh3 Qh1+ 28.
Kg4 Qf4#) 24... cxd6 25. b6 $19) 22... hxg3 23. f3 Qxd6 24. Be4 (24. Qxc7 Qxd5
25. Rc5 $19) 24... Qf4 25. Bd2 (25. Qd2 Qh4 26. b6 $19 (26. Rxc7 $4 Bf5 27. e3
Bxe4 28. dxe4 Rxf3 $19)) 25... Qh4 26. e3 (26. Qxc7 Bd7 $3 27. Qxg3 Qxg3+ 28.
Kh1 Rf6 29. Bxg5 Qxg5 30. Bg6 Qh4+ 31. Kg1 Rxg6+ 32. Kf1 Bh3#) 26... Bg2 $3 (
26... Bg2 27. Kxg2 Qh2+ 28. Kf1 Qf2#) 0-1